| Tag |
First Indicator |
Second Indicator |
Subfields |
| LEADER |
00000cam a2200000 a 4500 |
| 001 |
in00000089960 |
| 005 |
20151008063605.0 |
| 008 |
791204s1978 okuab b 00010 eng d |
| 035 |
|
|
|a (OCoLC)05759204
|
| 035 |
|
|
|9 AAK2543AM
|
| 040 |
|
|
|a OKC
|c OKC
|d m.c.
|d TXA
|d UtOrBLW
|
| 043 |
|
|
|a n-us-ok
|
| 049 |
|
|
|a TXAM
|c [1406892]
|
| 090 |
|
|
|a F702.C7
|b F4
|
| 090 |
|
|
|a F591
|b .L394 no.6
|
| 100 |
1 |
|
|a Ferring, C. Reid.
|
| 245 |
1 |
3 |
|a An archaeological reconnaissance of Fort Sill, Oklahoma /
|c assembled by C. Reid Ferring ; with contributions by Britt Bousman ... [and others].
|
| 264 |
|
1 |
|a Lawton, Okla. :
|b Museum of the Great Plains,
|c 1978.
|
| 300 |
|
|
|a xiii, 417 pages :
|b illustrations, maps ;
|c 28 cm.
|
| 336 |
|
|
|a text
|b txt
|2 rdacontent
|
| 337 |
|
|
|a unmediated
|b n
|2 rdamedia
|
| 338 |
|
|
|a volume
|b nc
|2 rdacarrier
|
| 490 |
1 |
|
|a Contributions of the Museum of the Great Plains ;
|v no. 6
|
| 500 |
|
|
|a Folded maps on pocket.
|
| 504 |
|
|
|a Bibliography: pages 395-417.
|
| 650 |
|
0 |
|a Geology
|z Oklahoma.
|
| 651 |
|
0 |
|a Fort Sill (Okla.)
|x History.
|
| 651 |
|
0 |
|a Oklahoma
|x Antiquities.
|
| 700 |
1 |
|
|a Bousman, C. Britt.
|
| 830 |
|
0 |
|a Contributions of the Museum of the Great Plains ;
|v no. 6.
|
| 999 |
|
|
|a MARS
|
| 999 |
f |
f |
|s 44606360-57a9-3e18-b355-aacddf3bc668
|i af4414e1-5871-3bd8-882d-19d1ccb5a96d
|t 0
|
| 952 |
f |
f |
|p ric
|a Texas A&M University
|b Rellis Campus
|c Joint Library Facility
|d Remote Storage
|t 0
|e F591 .L394 no.6
|h Library of Congress classification
|i unmediated -- volume
|m A14806110004
|
| 998 |
f |
f |
|a F591 .L394 no.6
|t 0
|l Remote Storage
|